LIBRARY ONLINE CATALOGUE

Understanding economics. / (Record no. 9817)

MARC details
000 -LEADER
fixed length control field 00617cam a22002052 4500
001 - CONTROL NUMBER
control field 0000023415
005 - DATE AND TIME OF LATEST TRANSACTION
control field 20151217152241.0
008 - FIXED-LENGTH DATA ELEMENTS--GENERAL INFORMATION
fixed length control field 121121s xx 000 0 eng d
020 ## - INTERNATIONAL STANDARD BOOK NUMBER
International Standard Book Number 0324315635
040 ## - CATALOGING SOURCE
Original cataloging agency KABU
Transcribing agency KABU
245 10 - TITLE STATEMENT
Title Understanding economics. /
Statement of responsibility, etc. Russell S. Sobel, Richard L. Stroup, David A. Macpherson, James D. Gwartney.
250 ## - EDITION STATEMENT
Edition statement 1st ed.
260 ## - PUBLICATION, DISTRIBUTION, ETC. (IMPRINT)
Place of publication, distribution, etc. Australia :
Name of publisher, distributor, etc. Thomson,
Date of publication, distribution, etc. 2006.
300 ## - PHYSICAL DESCRIPTION
Extent xxvi,656 p.
650 #0 - SUBJECT ADDED ENTRY--TOPICAL TERM
Topical term or geographic name as entry element Economics.
-- 0000148279
700 1# - ADDED ENTRY--PERSONAL NAME
Personal name Sobel, Russell S.
-- 0000181686
908 ## - PUT COMMAND PARAMETER (RLIN)
Put command parameter 121121
950 ## - LOCAL HOLDINGS (RLIN)
-- 1
Holdings
Withdrawn status Lost status Source of classification or shelving scheme Not for loan Home library Current library Date acquired Total Checkouts Full call number Barcode Date last seen Date last checked out Price effective from Koha item type
    Library of Congress Classification   Kabarak, Main Campus Kabarak, Main Campus 17/12/2015 4 HB171.5 .U53 2006 c.1 013692 10/04/2019 29/03/2019 17/12/2015 General Collection